书目信息 |
| 题名: |
专利申请指南
|
|
| 作者: | 杨国平 编著 | |
| 分册: | ||
| 出版信息: | 上海 上海科学技术出版社 2003 |
|
| 页数: | 215页 | |
| 开本: | 19cm | |
| 丛书名: | ||
| 单 册: | ||
| 中图分类: | G306.3-62 | |
| 科图分类: | ||
| 主题词: | 专利申请--指南 | |
| 电子资源: | ||
| ISBN: | 7-5323-6568-9 | |
| 000 | 00601nam0 2200205 45 | |
| 001 | 0405191757 | |
| 005 | 20040519174816.0 | |
| 010 | @a7-5323-6568-9@dCNY18.00 | |
| 100 | @a20040519d2003 km y0chiy0120 ea | |
| 101 | 0 | @achi |
| 105 | @a z 000yy | |
| 200 | 1 | @a专利申请指南@AZhuan Li Shen Qing Zhi Nan@f杨国平编著@FYang Guo Ping Bian Zhu |
| 210 | @a上海@c上海科学技术出版社@d2003 | |
| 215 | @a215页@d19cm | |
| 300 | @a附录:申请专利的相关表格 | |
| 606 | 0 | @a专利申请@x指南 |
| 690 | @aG306.3-62@v4 | |
| 701 | 0 | @a杨国平@4编著 |
| 801 | @aCN@bPftUser@c20040519 | |
| 905 | @b333273-277@dG306.3-62@e2@f5 | |
| 专利申请指南/杨国平编著.-上海:上海科学技术出版社,2003 |
| 215页;19cm |
| 附录:申请专利的相关表格 |
| ISBN 7-5323-6568-9:CNY18.00 |
| ● |
| 相关链接 |
|
|
|
|
正题名:专利申请指南
索取号:G306.3-62/2
 
预约/预借
| 序号 | 登录号 | 条形码 | 馆藏地/架位号 | 状态 | 备注 |
| 1 | 0333273 | 203332731 | 第四借阅区/ [索取号:G306.3-62/2] | 在馆 | |
| 2 | 0333274 | 203332740 | 第四借阅区/ [索取号:G306.3-62/2] | 在馆 | |
| 3 | 0333275 | 203332759 | 第四借阅区/ [索取号:G306.3-62/2] | 在馆 | |
| 4 | 0333276 | 203332768 | 第四借阅区/ [索取号:G306.3-62/2] | 在馆 | |
| 5 | 0333277 | 203332777 | 第四借阅区/ [索取号:G306.3-62/2] | 在馆 |